01189njm a2200241Ia 450000100060000000300090000600500170001500800410003204000130007304000130008610000110009910000180011010000380012824500270016625000110019326000110020426000580021530000100027330000290028350001170031250504700042965000480089966288IT-RoPAU20220918181121.0131025s9999 xx 000 0 und d aIT-RoPAU cIT-RoPAU aAA.VV. eAutore musica gCodice autore musica SPICS: 12000 aEffetti sonori vol. 21 a1a ed. aMILANO bSCIASCIAc1980 [1a Ed.:1980 - Ed. Lingua Orig.: 1980] aDISCO c21 minuti (Testo: pag.) aModerna collezione di effetti sonori per uso industriale, radio, tv, cinema, teatro, pubblicità e cineamatori. aSveglia - Adunata - Alzabandiera - Riposo - Ramazza - Elettricista - Rancio - Chiamare la guardia - Marcetta - Cambio della guardia - Libera uscita - Ufficiale di picchetto - Picchetto armato - Sottufficiale d'ispezione - Capoposto - Attenti - Rompete le righe - Allarmi - Fate fuoco - Cessate fuoco - Consegnati - Adunata s. messa - Ritirata - Contrappello - Silenzio d'ordinanza - Silenzio fuori ordinanza - Flick flock - Marcia dei bersaglieri - Segnali militari aRUMORI [DISCHI]eCodice MATERIA SPICS: 9950